A logical approach to discrete math / (Record no. 461)
[ view plain ]
| 000 -LEADER | |
|---|---|
| fixed length control field | 00772pam a2200229 a 4500 |
| 001 - CONTROL NUMBER | |
| control field | 635255 |
| 005 - DATE AND TIME OF LATEST TRANSACTION | |
| control field | 20241031134244.0 |
| 008 - FIXED-LENGTH DATA ELEMENTS--GENERAL INFORMATION | |
| fixed length control field | 930615s1993 nyua b 001 0 eng |
| 020 ## - INTERNATIONAL STANDARD BOOK NUMBER | |
| International Standard Book Number | 0387941150 (New York : acidfree paper) |
| 020 ## - INTERNATIONAL STANDARD BOOK NUMBER | |
| International Standard Book Number | 9780387941158r) |
| 050 00 - LIBRARY OF CONGRESS CALL NUMBER | |
| Classification number | QA39.2 |
| Item number | .G7473 1993 |
| 082 00 - DEWEY DECIMAL CLASSIFICATION NUMBER | |
| Classification number | 510 |
| Edition information | 20 |
| 245 12 - TITLE STATEMENT | |
| Title | A logical approach to discrete math / |
| Statement of responsibility, etc. | David Gries, Fred B. Schneider(editors) |
| 260 ## - PUBLICATION, DISTRIBUTION, ETC. | |
| Place of publication, distribution, etc. | New York : |
| Name of publisher, distributor, etc. | Springer-Verlag, |
| Date of publication, distribution, etc. | c1993. |
| 300 ## - PHYSICAL DESCRIPTION | |
| Extent | xvi, 497 p. : |
| Other physical details | ill. ; |
| Dimensions | 25 cm. |
| 440 #0 - SERIES STATEMENT/ADDED ENTRY--TITLE | |
| Title | Texts and monographs in computer science |
| 650 #0 - SUBJECT ADDED ENTRY--TOPICAL TERM | |
| Topical term or geographic name entry element | Mathematics. |
| 700 1# - ADDED ENTRY--PERSONAL NAME | |
| Personal name | Gries, David. |
| 700 1# - ADDED ENTRY--PERSONAL NAME | |
| Personal name | Schneider, Fred B. |
| 856 42 - ELECTRONIC LOCATION AND ACCESS | |
| Materials specified | Publisher description |
| Uniform Resource Identifier | <a href="http://www.loc.gov/catdir/enhancements/fy0815/93027848-d.html">http://www.loc.gov/catdir/enhancements/fy0815/93027848-d.html</a> |
| 942 ## - ADDED ENTRY ELEMENTS (KOHA) | |
| Source of classification or shelving scheme | Library of Congress Classification |
| Koha item type | Books |
| Suppress in OPAC | No |
| 999 ## - | |
| -- | 461 |
| -- | 461 |
| Withdrawn status | Lost status | Source of classification or shelving scheme | Damaged status | Not for loan | Collection | Home library | Current library | Shelving location | Date acquired | Total checkouts | Full call number | Barcode | Date last seen | Copy number | Price effective from | Koha item type |
|---|---|---|---|---|---|---|---|---|---|---|---|---|---|---|---|---|
| Library of Congress Classification | Non-fiction | Science Library (Miotso) | Science Library (Miotso) | General stacks | 10/31/2024 | QA39.2 .G7473 1993 | SLM00000260 | 10/31/2024 | 1 | 10/31/2024 | Books | |||||
| Library of Congress Classification | Non-fiction | Science Library (Miotso) | Science Library (Miotso) | General stacks | 10/31/2024 | QA39.2 .G7473 1993 | SLM00000261 | 10/31/2024 | 2 | 10/31/2024 | Books | |||||
| Library of Congress Classification | Non-fiction | Science Library (Miotso) | Science Library (Miotso) | General stacks | 10/31/2024 | QA39.2 .G7473 1993 | SLM00000262 | 10/31/2024 | 3 | 10/31/2024 | Books | |||||
| Library of Congress Classification | Non-fiction | Science Library (Miotso) | Science Library (Miotso) | General stacks | 10/31/2024 | QA39.2 .G7473 1993 | SLM00000263 | 10/31/2024 | 4 | 10/31/2024 | Books | |||||
| Library of Congress Classification | Non-fiction | Science Library (Miotso) | Science Library (Miotso) | General stacks | 10/31/2024 | QA39.2 .G7473 1993 | SLM00000264 | 10/31/2024 | 5 | 10/31/2024 | Books |